NBA Players Who: Made 250 Threes in a Season - Statistics

General Stats
  • This quiz has been taken 2,527 times
    2,448 since last reset
  • The average score is 21 of 30
Answer Stats
Year 3PM Player % Correct
2023 273 Stephen Curry
100%
2022 285 Stephen Curry
100%
2021 337 Stephen Curry
100%
2019 354 Stephen Curry
100%
2017 324 Stephen Curry
100%
2016 402 Stephen Curry
100%
2015 286 Stephen Curry
100%
2014 261 Stephen Curry
100%
2013 272 Stephen Curry
100%
2023 302 Klay Thompson
95%
2017 268 Klay Thompson
95%
2016 276 Klay Thompson
95%
2020 299 James Harden
82%
2019 378 James Harden
82%
2018 265 James Harden
82%
2017 262 James Harden
82%
2021 275 Damian Lillard
73%
2020 270 Damian Lillard
73%
2006 269 Ray Allen
73%
2023 288 Buddy Hield
55%
2022 262 Buddy Hield
55%
2021 282 Buddy Hield
55%
2020 271 Buddy Hield
55%
2019 278 Buddy Hield
55%
2019 292 Paul George
32%
2021 250 Duncan Robinson
19%
2020 270 Duncan Robinson
19%
2019 260 Kemba Walker
13%
1996 267 Dennis Scott
6%
1996 257 George McCloud
3%
No matching quizzes found
Score Distribution
Percent of People with Each Score
Percentile by Number Answered
Your Score History
You have not taken this quiz since the last reset